| 000 | 00525nam a2200169Ia 4500 | ||
|---|---|---|---|
| 008 | 090201s9999 xx 000 0 und d | ||
| 010 | _aKPL-37117 | ||
| 040 | _bमराठी | ||
| 041 | _aमराठी | ||
| 082 |
_a29696 _b37117 |
||
| 100 | _aप्रभाकर भोगले | ||
| 245 |
_aसुमा _cप्रभाकर भोगले |
||
| 260 |
_c2004 _bबंादोडकर पब्लिशिंग हाऊस |
||
| 300 |
_a319 _bमोठा |
||
| 600 | _aसुमा | ||
| 942 | _cBOOK | ||
| 999 |
_c228293 _d228293 |
||